000 00957nam a22002417a 4500
001 39507
003 BD-RjUL
005 20211209053014.0
008 160411c20131992bg ||||| |||| 001 0 ben d
020 _a9789848815632
_c: Tk. 350.00
035 _a(BD-RjUL)39620
040 _aBD-RjUL
_bben
_cBD-RjUL
041 _aben
082 _223
_a954.9205
_bHAM 2013
100 _aহাসান, মঈদুল
_9121734
245 1 0 _aমূলধারা '৭১ /
_cমঈদুল হাসান,
260 _aঢাকা :
_bদি ইউনিভার্সিটি প্রেস লিমিটেড,
_c২০১৩.
300 _axii, ৩১৯ পৃ. ;
_c২২ সেমি.
500 _aনির্ঘন্ট সংযুক্ত
650 _aবাংলাদেশ- ইতিহাস- মুক্তিযুদ্ধ, ১৯৭১.
_9121545
650 _aBangladesh -- History -- Revolution, 1971.
_9121060
942 _2ddc
_cBK
_01
999 _c39507
_d39507